Catálogo
 En Linea

Tribulaciones de un chino en China / (Registro nro. 33514)

Detalles MARC
000 -CABECERA
campo de control de longitud fija 00737nam a2200205 a 4500
001 - NÚMERO DE CONTROL
campo de control 000034023
005 - FECHA Y HORA DE LA ÚLTIMA TRANSACCIÓN
campo de control 20240226141826.0
008 - DATOS DE LONGITUD FIJA--INFORMACIÓN GENERAL
campo de control de longitud fija 110921s1999 cl 000 0 spa d
020 ## - NÚMERO INTERNACIONAL ESTÁNDAR DEL LIBRO
Número Internacional Estándar del Libro 9789583006654
040 ## - FUENTE DE LA CATALOGACIÓN
Centro catalogador/agencia de origen DO-SdBNP
Lengua de catalogación spa
Centro/agencia transcriptor BNPHU
049 ## - FONDOS LOCALES (OCLC)
Fondos de biblioteca BNPD
100 1# - ENTRADA PRINCIPAL--NOMBRE DE PERSONA
Nombre de persona Verne, Julio,
Fechas asociadas al nombre 1828-1905
9 (RLIN) 1073
245 10 - MENCIÓN DE TÍTULO
Título Tribulaciones de un chino en China /
Mención de responsabilidad, etc. Julio Verne ; versión abreviada de M. Rosa Duhart Silva; ilustración Andrés Julian.
260 ## - PUBLICACIÓN, DISTRIBUCIÓN, ETC.
Lugar de publicación, distribución, etc. Santafé de Bogotá :
Nombre del editor, distribuidor, etc. Panamericana de Editores,
Fecha de publicación, distribución, etc. 1999.
300 ## - DESCRIPCIÓN FÍSICA
Extensión 166 p. ;
Dimensiones 23 cm.
500 ## - NOTA GENERAL
Nota general Tercera reimpresión 2007
500 ## - NOTA GENERAL
Nota general Incluye datos biográficos del autor en la solapa
700 1# - PUNTO DE ACCESO ADICIONAL--NOMBRE DE PERSONA
Nombre de persona Duhart Silva, M. Rosa
9 (RLIN) 59472
700 1# - PUNTO DE ACCESO ADICIONAL--NOMBRE DE PERSONA
Nombre de persona Julian, Andrés
Término indicativo de función/relación il.
9 (RLIN) 51674
Existencias
Estado de retiro Estado de pérdida Restricciones de uso No para préstamo Código de colección Localización permanente Ubicación/localización actual Ubicación en estantería Fecha de adquisición Número de inventario Total de préstamos Signatura topográfica completa Código de barras Fecha visto por última vez Precio válido a partir de Tipo de ítem Koha
        Monografías: Libros y Folletos General General Orden iniciada 21.09.2011 LF1   34023-10 25.06.2020 25.06.2020 No se presta

Con tecnología Koha